Представление документа в формате MARC21

Поле Инд. ПП Название Значение
Тип записи a
Библиографический уровень m
001 Контрольный номер 2b55937224154df2acde4c64f2e05e71
005 Дата корректировки 20251125152446.1
084 a Индекс другой классификации/Индекс ББК 4
091 i Возрастная адресация (DOS) 16+
097 b Оператор Кондратьева
245 10 a Заглавие Цветок
n Номер части/ раздела 20
260 c Дата издания 2025
900 a Имя макрообъекта 0000003865331
901 t Тип документа s